Injunctions
| Main Author: | |
|---|---|
| Format: | Book |
| Published: |
London
Longman Law, Tax and Finance
c1991
|
| Edition: | 5th ed |
| Series: | Longman practitioner series
|
| Subjects: |
MARC
| LEADER | 00000cam a2200000 7i4500 | ||
|---|---|---|---|
| 001 | 0000002264 | ||
| 008 | 021118s1991 | ||
| 020 | |a 0851216951 | ||
| 050 | 0 | 0 | |a d9 KD7578 |b .B43 1991 |
| 090 | 0 | 0 | |a d9 KD7578 |b .B43 1991 |
| 100 | 1 | |a Bean, David |d 1954- |e author | |
| 245 | 1 | 0 | |a Injunctions |c David Bean |
| 250 | |a 5th ed | ||
| 260 | |a London |b Longman Law, Tax and Finance |c c1991 | ||
| 300 | |a xxxv, 202 p. |c 22 cm | ||
| 440 | 0 | |a Longman practitioner series | |
| 650 | 0 | |a Injunctions |z Great Britain | |
| 999 | |a 1000038553 |b Book |c OPEN SHELF (30 DAYS) |e Gong Badak Campus | ||